Riconosci la Stato degli Stati Uniti - Quiz n°38 - Statistics

Statistiche generali
  • Questo quiz è stato fatto 7 volte
  • Il punteggio medio è 8 su 10
Statistiche sulle risposte
Indizio Risposta % Corretto
Superficie 139 390 km²
100%
Iniziale della Capitale R
100%
Altitudine 0 - 2 037 m s.l.m.
83%
Popolazione 10 453 948 ab.
83%
Data di istituzione 21 novembre 1789
83%
Numero contee 100
67%
Rappresentanza parlamentare 14 Rappresentanti: 7 D, 7 R 2 Senatori: Ted Budd (R), Thom Tillis (R)
67%
Numero stati confinanti 4
67%
Stato federale Carolina del Nord
67%
Fuso orario UTC-5
67%
Nessun quiz corrispondente trovato
Distribuzione punteggi
Percentuale di utenti per punteggio
Percentile per numero di risposta
I tuoi punteggi nel tempo
Non hai fatto questo quiz